| 000 | 00352nam a2200133Ia 4500 | ||
|---|---|---|---|
| 008 | 230917s9999||||xx |||||||||||||| ||und|| | ||
| 040 |
_e89875 _aMAIN |
||
| 041 | _aEnglish | ||
| 082 | _a617 S64E | ||
| 100 | _aSingh, Santosh Kumar | ||
| 245 | 0 | _aEvaluation of apache 2 scoring system in case of perforative peritonitis | |
| 300 | _a75 p. | ||
| 942 | _cTH | ||
| 999 |
_c86739 _d86739 |
||